000 00290nam a2200109Ia 4500
008 200302s9999 xx 000 0 und d
100 _aB. G. Fernandes
245 _aPlanning in India Challenges and Opportunities
260 _bAnmol Publication Pvt. Ltd.
260 _c1996
300 _a191 P.,
999 _c5442
_d5442